000 00621nam a2200217Ia 4500
008 160418s9999 xx 000 0 und d
020 _a971-08-6989-2
050 _aFIL B 5221
050 _b.G75M3 2009
100 _aGripaldo, Rolando M.
245 4 _aThe Making of a Filipino philosopher and other essays /
245 _cRolando M. Gripaldo.
260 _aMandaluyong:
260 _bNational Books Store
260 _c2009
300 _a119 pages:
300 _c23 cm.
500 _aIncludes bibliographical references.
650 _aPhilosophy, Philippines.
650 _xPhilosophers -- Philippines.
999 _c293456
_d293456